Όπου δε δείχνει το βέλος : διηγήματα

Αποθηκεύτηκε σε:
Λεπτομέρειες βιβλιογραφικής εγγραφής
Κύριος συγγραφέας: Βοΐσκου, Ελένη, 1921-
Μορφή: Βιβλίο
Γλώσσα:Greek
Δημοσίευση: Αθήνα : Ιωλκός, 1987.
Θέματα:
Ετικέτες: Προσθήκη ετικέτας
Δεν υπάρχουν, Καταχωρήστε ετικέτα πρώτοι!

MARC

LEADER 00000cam a2200000 i 4500
001 1/55027
008 941103s1987 gr | ||| |||| ||gre||
035 |a 1991  |l 10027782 
040 |a GR-MyUA  |b gre  |e AACR2 
041 0 |a gre 
082 0 |a 889.3 
100 1 |a Βοΐσκου, Ελένη,   |d 1921- 
245 1 0 |a Όπου δε δείχνει το βέλος :   |b διηγήματα /   |c Ελένη Βοϊσκου.  
260 |a Αθήνα :   |b Ιωλκός,   |c 1987.  
300 |a 174 σ. ;   |c 21 εκ.  
650 0 0 |a Greek literature. 
650 0 0 |a Greek fiction. 
852 |a INST  |b CHIOS  |e 19960510  |h 889.3 ΒΟΙ  |p 005200008555  |q 005200008555  |t BK  |y 0 
852 |a INST  |b CHIOS  |e 19960510  |h 889.3 ΒΟΙ  |p 005200008556  |q 005200008556  |t BK  |y 0 
852 |a INST  |b SAMOS  |e 19941103  |h 889.3 ΒΟΙ  |p 005300000256  |q 005300000256  |t BK  |y 0 
852 |a INST  |b SAMOS  |e 19941103  |h 889.3 ΒΟΙ  |p 005300000257  |q 005300000257  |t BK  |y 0 
909 |a Χ  |b 019419 
909 |a Σ  |b 019197 
909 |a Χ  |b 019415 
909 |a Σ  |b 019196